000 00411nam a2200169Ia 4500
008 230524s9999 xx 000 0 und d
020 _a0712656731
082 _a401
_bCHO
100 _aDeepak Chopra
_91876
245 0 _aAgeless Body Timeless mind
250 _a1ST
260 _aAUSTRELIA
_bRandom
_c1993
300 _aXI;342
500 _aQuantity Number: 1
650 _aMiscellaneous
_91877
942 _cBK
999 _c3870
_d3870